00339pab a2200121 454500008004000000100001800040245007000058260000900128300001100137362001200148650002300160773003400183180718b1984 xxu||||| |||| 00| 0 eng d aChitale, M.P. aFinanacing industry and businessbUnion budget proposals, 1984-84 c1984 a507-12 a24 Mar. aMonopolies - India aEconomic and Political Weekly